Zgadnij kraj po rekordzie Guinnessa - Statystyki

Ogólne statystyki
  • Ten quiz został rozwiązany 14 razy
  • Średni wynik to 15 z 22
Statystyki odpowiedzi
Rekord Państwo % Poprawnych
W ... tysiące osób jednocześnie szczotkowały zęby podczas specjalnie zorganizowanego wydarzenia. Akcja miała promować higienę jamy ustnej i zakończyła się ustanowieniem rekordu świata. Chiny
89%
Michel Lotito zdobył sławę dzięki zdolności jedzenia metalu, szkła i gumy. Najbardziej zaskakujące było to, że przez około dwa lata stopniowo „zjadł” cały samolot Cessna. Francja
89%
... pobili rekord świata w największej bitwie na pomidory. W wydarzeniu uczestniczyły tysiące osób podczas słynnego festiwalu La Tomatina. Hiszpania
89%
W Kanadzie zbudowano największy igloo świata. Konstrukcja miała kilka metrów wysokości i została wykonana wyłącznie ze śniegu oraz lodu. Kanada
89%
... przygotowali największe taco świata. Miało ono kilkadziesiąt metrów długości i zostało podzielone między uczestników wydarzenia. Meksyk
89%
... zbudowali największą pizzę świata, której powierzchnia miała ponad 1200 metrów kwadratowych. Do jej przygotowania wykorzystano tony sera i sosu pomidorowego. Stany Zjednoczone
89%
... konstruktorzy stworzyli najszybszą zmotoryzowaną toaletę świata. Pojazd osiągnął prędkość przekraczającą 100 km/h i szybko stał się internetową sensacją. Wielka Brytania
89%
.... pobiły rekord największej liczby osób wykonujących jednocześnie jogę. W wydarzeniu uczestniczyły dziesiątki tysięcy ludzi. Indie
78%
Noriaki Kasai został najstarszym zwycięzcą zawodów Pucharu Świata w skokach narciarskich. Japończyk przez dekady utrzymywał wysoką formę i stał się legendą tej dyscypliny. Japonia
78%
... ustanowili rekord największej liczby osób jednocześnie grających w domino. Tysiące uczestników wspólnie tworzyły ogromne układy i konstrukcje. Niemcy
78%
... zbudowali najwyższą wieżę z klocków LEGO. Konstrukcja miała ponad 35 metrów wysokości. Norwegia
78%
... stworzyli największy zegar wykonany z kwiatów. Konstrukcja składała się z tysięcy roślin i stała się popularną atrakcją turystyczną. Szwajcaria
78%
... stworzyli najdłuższy makaron świata. Jego długość liczono w setkach metrów, a rekord nawiązywał do ... tradycji kulinarnej. Włochy
78%
W ... ustanowiono rekord największej lekcji surfingu. Setki osób jednocześnie uczyły się pływać na deskach. Australia
67%
... przygotowali największą tabliczkę czekolady świata. Do jej stworzenia wykorzystano kilka ton czekolady najwyższej jakości. Belgia
67%
... zbudowali największy zamek z piasku na świecie. Konstrukcja była wyższa niż kilkupiętrowy budynek. Dania
67%
... ustanowili rekord największej liczby osób jednocześnie tańczących wokół choinki. W wydarzeniu uczestniczyły tysiące ludzi podczas świątecznego festiwalu. Szwecja
67%
... pobili rekord największej filiżanki kawy świata. Przygotowany napój miał kilka tysięcy litrów pojemności. Turcja
56%
Etibar Elchiyev zasłynął możliwością utrzymywania metalowych przedmiotów na swoim ciele. W jednym z rekordów przyczepił do siebie aż 50 metalowych łyżek jednocześnie. Azerbejdżan
33%
W ... ustanowiono rekord największej liczby osób jednocześnie grających w szachy. Turniej zgromadził setki uczestników i trwał kilka godzin. Czechy
33%
W ... przygotowano największą sałatkę świata. Do jej wykonania użyto kilku ton świeżych warzyw. Tajlandia
33%
W ... zorganizowano największe nurkowanie grupowe. Setki nurków jednocześnie zeszły pod wodę, ustanawiając nowy rekord Guinnessa. Republika Południowej Afryki
22%
Nie znaleziono quizów pasujących do podanych kryteriów
Rozkład punktacji
Procent ludzi z każdym wynikiem
Percentyl według liczby udzielonych odpowiedzi
Twoja historia wyników
Nie rozwiązałeś tego quizu